000 00494nam a2200193Ia 4500
003 GCL
008 140319s9999 xx 000 0 ara d
040 _aGCL /
_cGCL
082 0 4 _a813.03
_bى ع
100 1 _aيحيى حقى
245 1 0 _aعيش وملح وقصص اخرى /
_cيحيى حقى
700 1 _aسيد خميس
700 1 _aمحمد جاد
300 _a153 ص
490 _a
650 0 4 _aالادب العربى
650 0 4 _aالقصص العربية
942 _2ddc
_cBK
999 _c39437
_d39437